[Event "Pontevedra op 7th"]
[Site "Pontevedra"]
[Date "2019.08.08"]
[Round "1"]
[White "Rodriguez Lopez, Rafael"]
[Black "Fernandez Salamanca, Gonzalo"]
[Result "0-1"]
[WhiteElo "2265"]
[BlackElo "1940"]
[PlyCount "108"]
[EventDate "2019.08.08"]
[EventType "swiss"]
[EventRounds "9"]
[EventCountry "ESP"]
[SourceTitle "EXT 2020"]
[Source "ChessBase"]
[SourceDate "2019.10.17"]
[SourceVersion "1"]
[SourceVersionDate "2019.10.17"]
[SourceQuality "1"]

1. e4 c5 2. Nf3 e6 3. d4 cxd4 4. Nxd4 Nf6 5. Nc3 Nc6 6. Ndb5 Bb4 7. a3 Bxc3+ 8. Nxc3 d5 9. exd5 exd5 10. Bd3 0-0 11. 0-0 d4 12. Ne2 Bg4 13. Re1 Bh5 14. Bg5 Qd6 15. Qd2 Bg6 16. Rad1 Rad8 17. f3 Rd7 18. Bh4 Rfd8 19. Bf2 Bxd3 20. Qxd3 Ne5 21. Qf5 d3 22. cxd3 Nxd3 23. Nc1 g6 24. Qxd3 Qxd3 25. Rxd3 Rxd3 26. Nxd3 Rxd3 27. Bxa7 Rd2 28. Kf1 Nd7 29. Bf2 h5 30. Re8+ Kg7 31. Rd8 Kf6 32. Be1 Rd5 33. Bc3+ Ke7 34. Rc8 b5 35. Rc6 Ne5 36. Bxe5 Rxe5 37. h4 Re3 38. Rc2 Kd6 39. Kf2 Rb3 40. Ke2 Ke5 41. Kd2 Kf4 42. Kc1 Re3 43. Rc5 Kg3 44. Rxb5 Kxg2 45. Rb7 Rxf3 46. a4 Rf4 47. b4 g5 48. hxg5 h4 49. g6 fxg6 50. a5 h3 51. a6 h2 52. Rh7 Rxb4 53. a7 Ra4 54. Kd2 Rxa7 0-1

[Event "Pontevedra op-B 6th"]
[Site "Pontevedra"]
[Date "2018.08.10"]
[Round "4"]
[White "De Leon, Patricia O"]
[Black "Fernandez Salamanca, Gonzalo"]
[Result "0-1"]
[WhiteElo "1926"]
[BlackElo "1839"]
[PlyCount "102"]
[EventDate "2018.08.08"]
[EventType "swiss"]
[EventRounds "9"]
[EventCountry "ESP"]
[SourceTitle "CBM 186 Extra"]
[Source "ChessBase"]
[SourceDate "2018.08.24"]
[SourceVersion "1"]
[SourceVersionDate "2018.08.24"]
[SourceQuality "1"]

1. d4 d5 2. c4 c6 3. cxd5 cxd5 4. Nc3 Nf6 5. Nf3 e6 6. Bf4 Bd6 7. Bxd6 Qxd6 8. g3 0-0 9. Bg2 Nbd7 10. 0-0 a6 11. Qb3 b5 12. e3 Nb6 13. Ne5 Nc4 14. Nxc4 bxc4 15. Qc2 Bb7 16. b3 Rfc8 17. Rab1 cxb3 18. Rxb3 Rc7 19. Qb2 Rac8 20. Na4 Ba8 21. Rb1 Nd7 22. Nb6 Nxb6 23. Rxb6 Rc6 24. Bf1 Rxb6 25. Qxb6 Qxb6 26. Rxb6 a5 27. Ra6 Kf8 28. Rxa5 Ke7 29. Ra7+ Kf6 30. Bb5 Bc6 31. Bxc6 Rxc6 32. a4 Rc2 33. a5 Ra2 34. Kg2 g5 35. h3 h5 36. Kf3 Kg6 37. a6 Kf6 38. Ra8 Kg6 39. Kg2 Kf6 40. Kf1 g4 41. hxg4 hxg4 42. Ke1 Kf5 43. a7 Ke4 44. Rg8 Rxa7 45. Rxg4+ Kf5 46. Rf4+ Kg6 47. Ke2 Ra2+ 48. Kf3 Rb2 49. e4 Rb3+ 50. Kg4 dxe4 51. Rxe4 f5+ 0-1

[Event "Pontevedra op-B 6th"]
[Site "Pontevedra"]
[Date "2018.08.09"]
[Round "2"]
[White "Fernandez Salamanca, Gonzalo"]
[Black "Sarhani, Abdellah"]
[Result "1-0"]
[WhiteElo "1839"]
[BlackElo "1597"]
[PlyCount "77"]
[EventDate "2018.08.08"]
[EventType "swiss"]
[EventRounds "9"]
[EventCountry "ESP"]
[SourceTitle "CBM 186 Extra"]
[Source "ChessBase"]
[SourceDate "2018.08.24"]
[SourceVersion "1"]
[SourceVersionDate "2018.08.24"]
[SourceQuality "1"]

1. d4 d5 2. Nf3 Nf6 3. Bf4 g6 4. e3 Bg7 5. Be2 0-0 6. h3 Bf5 7. 0-0 Nbd7 8. Nbd2 h6 9. Bh2 g5 10. c4 e6 11. Qb3 b6 12. Rac1 c5 13. Bd3 b5 14. Bxf5 bxc4 15. Qa3 exf5 16. Bd6 cxd4 17. Nxd4 Re8 18. Nxf5 Kh7 19. Nxg7 Kxg7 20. Nf3 Ne4 21. Rfd1 Ndf6 22. Be5 h5 23. Bd4 Kh6 24. Nd2 Qc7 25. Nf1 Kg6 26. Qa4 g4 27. hxg4 hxg4 28. Qc2 Kg5 29. Bxf6+ Nxf6 30. Ng3 Re5 31. e4 Nxe4 32. Nxe4+ dxe4 33. Qc3 Rc8 34. Qe3+ Kh5 35. Rd4 f5 36. Rcd1 Qb6 37. Qf4 Qb5 38. Rd6 Rc6 39. Qh6# 1-0

[Event "Tres Cantos op 10th"]
[Site "Tres Cantos"]
[Date "2018.06.28"]
[Round "8.25"]
[White "Fernandez Salamanca, Gonzalo"]
[Black "Vinas Lopez, Carlos"]
[Result "1/2-1/2"]
[WhiteElo "1683"]
[BlackElo "1871"]
[PlyCount "87"]
[EventDate "2018.06.21"]
[EventType "swiss"]
[EventRounds "9"]
[EventCountry "ESP"]
[SourceTitle "EXT 2024"]
[Source "ChessBase"]
[SourceDate "2023.10.10"]
[SourceVersion "1"]
[SourceVersionDate "2023.10.10"]
[SourceQuality "1"]

1. d4 Nf6 2. Nf3 e6 3. Bf4 c5 4. c3 b6 5. e3 Bb7 6. Nbd2 cxd4 7. exd4 Be7 8. Bd3 0-0 9. 0-0 d6 10. Re1 Nbd7 11. a4 Nd5 12. Bg3 a6 13. Qe2 Re8 14. Be4 Qc7 15. Bxd5 Bxd5 16. c4 Bb7 17. Rac1 Qd8 18. b4 Nf6 19. h3 Rc8 20. Qd3 Qd7 21. Qb3 Bc6 22. b5 axb5 23. axb5 Bb7 24. Rc3 Ra8 25. Qb2 Rec8 26. Rec1 Ne4 27. Nxe4 Bxe4 28. Nd2 Bb7 29. f3 Bf6 30. Bf2 e5 31. Ne4 Bxe4 32. fxe4 exd4 33. Rd3 Qe6 34. Bxd4 Rxc4 35. Bxf6 Rxc1+ 36. Qxc1 Qxf6 37. Qc3 Qe5 38. Qxe5 dxe5 39. Rd6 Rb8 40. Kf2 f6 41. Ke3 Rb7 42. g4 Kf7 43. Rc6 g6 44. Kf3 1/2-1/2

[Event "Tres Cantos op 10th"]
[Site "Tres Cantos"]
[Date "2018.06.21"]
[Round "1.9"]
[White "Sanchez Gonzalez, Sergio"]
[Black "Fernandez Salamanca, Gonzalo"]
[Result "1-0"]
[WhiteElo "2270"]
[BlackElo "1683"]
[PlyCount "81"]
[EventDate "2018.06.21"]
[EventType "swiss"]
[EventRounds "9"]
[EventCountry "ESP"]
[SourceTitle "EXT 2024"]
[Source "ChessBase"]
[SourceDate "2023.10.10"]
[SourceVersion "1"]
[SourceVersionDate "2023.10.10"]
[SourceQuality "1"]

1. Nf3 d5 2. g3 Nf6 3. Bg2 e6 4. 0-0 Be7 5. d3 b6 6. Nbd2 Nbd7 7. Re1 Bb7 8. a4 0-0 9. a5 c5 10. e4 dxe4 11. dxe4 Qc7 12. e5 Nd5 13. Ne4 Rad8 14. Bd2 c4 15. Qe2 Nc5 16. Nxc5 Bxc5 17. Ng5 h6 18. Ne4 Be7 19. Qh5 Bc8 20. axb6 axb6 21. Ra8 g6 22. Qxh6 Qxe5 23. Nc3 Qf6 24. Bxd5 Rxd5 25. Nxd5 exd5 26. Bf4 g5 27. Qxf6 Bxf6 28. Be5 Kg7 29. c3 b5 30. f3 Kg6 31. Bxf6 Kxf6 32. Kf2 b4 33. Rb8 b3 34. Ra1 Rh8 35. Kg1 Ke7 36. Raa8 Kd7 37. h4 gxh4 38. gxh4 Kc7 39. h5 d4 40. cxd4 Rg8+ 41. Kf2 1-0

[Event "Tres Cantos op 9th"]
[Site "Tres Cantos"]
[Date "2017.06.30"]
[Round "9"]
[White "De Dompablo Fantova, Juan"]
[Black "Fernandez Salamanca, Gonzalo"]
[Result "1-0"]
[WhiteElo "1660"]
[BlackElo "1552"]
[PlyCount "73"]
[EventDate "2017.06.22"]
[EventType "swiss"]
[EventRounds "9"]
[EventCountry "ESP"]
[SourceTitle "EXT 2019"]
[Source "ChessBase"]
[SourceDate "2018.10.10"]
[SourceVersion "1"]
[SourceVersionDate "2018.10.10"]
[SourceQuality "1"]

1. e4 e5 2. Nf3 Nc6 3. Bc4 Nf6 4. d3 Be7 5. 0-0 d6 6. a4 a6 7. c3 Bg4 8. Nbd2 0-0 9. h3 Bh5 10. Qc2 d5 11. Ba2 dxe4 12. dxe4 Bd6 13. b4 Qe7 14. Nh4 Bg6 15. Nxg6 hxg6 16. Nf3 Qd7 17. Be3 Nh5 18. Rfd1 Rae8 19. b5 Ne7 20. c4 b6 21. Nxe5 Qc8 22. Nd3 c6 23. e5 Bb8 24. g4 Nf5 25. Bxb6 Bxe5 26. Nxe5 Rxe5 27. gxf5 Nf4 28. Be3 Nxh3+ 29. Kf1 Rfe8 30. Qd3 Rxf5 31. Kg2 Rxe3 32. Qd8+ Re8 33. Qxc8 Rxc8 34. Kxh3 cxb5 35. Kg2 bxc4 36. Rac1 c3 37. Rd7 1-0